Daňové priznanie k dani z príjmov fyzických osôb za rok 2004 základné náležitosti podávania daňového priznania

Gespeichert in:
Bibliographische Detailangaben
1. Verfasser: Mackových, Jaroslav
Format: Buchkapitel
Sprache:Slowakisch
Tags: Tag hinzufügen
Keine Tags, Fügen Sie das erste Tag hinzu!

MARC

LEADER 00000naa$a2200000$$$4500
001 0061588
005 20240502071707.5
041 0 |a slo 
044 |a SK 
245 1 0 |a Daňové priznanie k dani z príjmov fyzických osôb za rok 2004  |b základné náležitosti podávania daňového priznania  |c Jaroslav Mackových 
100 1 |a Mackových, Jaroslav